Album der Florentiner Galerien Sechzig (Record no. 21587)
[ view plain ]
| 000 -LEADER | |
|---|---|
| campo de control de longitud fija | 00656nam a2200169 i 4500 |
| 001 - NÚMERO DE CONTROL | |
| campo de control | 21587 |
| 003 - IDENTIFICADOR DE NÚMERO DE CONTROL | |
| campo de control | ES-MaACL |
| 005 - FECHA Y HORA DE LA ÚLTIMA TRANSACCIÓN | |
| campo de control | 20230906152517.0 |
| 007 - CAMPO FIJO DE DESCRIPCIÓN FÍSICA--INFORMACIÓN GENERAL | |
| campo de control de longitud fija | t| |
| 008 - DATOS DE LONGITUD FIJA--INFORMACIÓN GENERAL | |
| campo de control de longitud fija | 021126q1914 gw ||||1| ger d |
| 100 1# - ENTRADA PRINCIPAL--NOMBRE DE PERSONA | |
| Nombre de persona | Ricci, Corrado ( |
| Fechas asociadas al nombre | 1858-1934) |
| 9 (RLIN) | 96877 |
| 245 10 - MENCIÓN DEL TÍTULO | |
| Título | Album der Florentiner Galerien Sechzig |
| Resto del título | : Farbendrucke aus den Sammlungen des Palazzo Pitti, den Uffizien und der Akademie / |
| Mención de responsabilidad, etc. | mit einer hist. Einl. und beschreibenden texten von Corrado Ricci. |
| 260 ## - PUBLICACIÓN, DISTRIBUCIÓN, ETC. | |
| Lugar de publicación, distribución, etc. | Leipzig : |
| Nombre del editor, distribuidor, etc. | Verlag von E. A. Seemann, |
| Fecha de publicación, distribución, etc. | [1914?] |
| 300 ## - DESCRIPCIÓN FÍSICA | |
| Extensión | 8 p. 60 p., 60 lám. col. ; |
| Dimensiones | 33 cm. |
| 650 #4 - PUNTO DE ACCESO ADICIONAL DE MATERIA--TÉRMINO DE MATERIA | |
| Término de materia o nombre geográfico como elemento de entrada | Museos de arte- |
| Subdivisión geográfica | Florencia. |
| 9 (RLIN) | 15372 |
| 852 ## - LOCALIZACIÓN | |
| Ubicación | ES-MaACL |
| Número de control de estantería | B-12017 |
| Estatus retirado | Estado de pérdida | Estado de daño | No para préstamo | Biblioteca de origen | Biblioteca actual | Ubicación en estantería | Fecha de adquisición | Fuente de adquisición | Total de préstamos | Signatura topográfica completa | Código de barras | Visto por última vez | Precio de reemplazo | Tipo de ítem Koha |
|---|---|---|---|---|---|---|---|---|---|---|---|---|---|---|
| Biblioteca del Ateneo de Madrid | Biblioteca del Ateneo de Madrid | Sala Pardo Bazán | 17/01/2008 | B-12017 | 1022185 | 23/02/2023 | 23/02/2023 | Libro impreso |
